000 00552nam a2200205Ia 4500
005 20250923145139.0
008 008 250917s9999 xx 000 0 eng d
037 _aTextual
040 _aDSWL
_beng
_cDSWL
041 _aeng
_2eng
084 _aY:f, N69
_qDSWL
100 _aStacey, Margaret
_9832229
245 0 _aMethods of Social Research
_cby Margaret Stacey
260 _bPeragamon Press
_c1969
300 _a26p.
365 _aINR
_b30
925 _g30
942 _cTEXL
_hY:f, N69
999 _c1447723
_d1447723